书目信息 |
| 题名: |
土木工程概论
|
|
| 作者: | 周先雁 主编 | |
| 分册: | ||
| 出版信息: | 长沙 湖南大学出版社 2014.10 |
|
| 页数: | 281页 | |
| 开本: | 26cm | |
| 丛书名: | ||
| 单 册: | ||
| 中图分类: | TU-43 | |
| 科图分类: | ||
| 主题词: | 土木工程--tu mu gong cheng--高等学校--教材 | |
| 电子资源: | ||
| ISBN: | 978-7-5667-0733-8 | |
| 000 | 01093nam0 2200301 450 | |
| 001 | CAL 0120141451461 | |
| 005 | 20150823165209.34 | |
| 010 | @a978-7-5667-0733-8@dCNY38.00 | |
| 100 | @a20141210d2014 em y0chiy50 ea | |
| 101 | 0 | @achi |
| 102 | @aCN@b430000 | |
| 105 | @aak a 000yy | |
| 106 | @ar | |
| 200 | 1 | @a土木工程概论@Atu mu gong cheng gai lun@f主编周先雁 |
| 210 | @a长沙@c湖南大学出版社@d2014.10 | |
| 215 | @a281页@c图@d26cm | |
| 300 | @a财政部文化产业发展专项资金资助项目 | |
| 312 | @a英文题名取自封面 | |
| 320 | @a有书目 (第280-281页) | |
| 330 | @a本书内容涵盖大土木工程的主要研究领域。全书共分15章, 分别就土木工程材料、建筑工程、道路工程、铁路工程、桥梁工程、港口与机场工程、隧道与地下工程、岩土工程、水利水电工程等方面进行了介绍。 | |
| 333 | @a高等学校土木工程类“十二五”规划教材 土木工程专业用 | |
| 510 | 1 | @aIntroduction to civil engineering@zeng |
| 586 | @a | |
| 606 | 0 | @a土木工程@Atu mu gong cheng@x高等学校@j教材 |
| 690 | @aTU-43@v5 | |
| 701 | 0 | @a周先雁@Azhou xian yan@4主编 |
| 801 | 0 | @aCN@c20150820 |
| 905 | @a河南城建学院图书馆@dTU-43@eZ800@f3 | |
| 土木工程概论/主编周先雁.-长沙:湖南大学出版社,2014.10 |
| 281页:图;26cm |
| 财政部文化产业发展专项资金资助项目.-使用对象:高等学校土木工程类“十二五”规划教材 土木工程专业用 |
| ISBN 978-7-5667-0733-8:CNY38.00 |
| 本书内容涵盖大土木工程的主要研究领域。全书共分15章, 分别就土木工程材料、建筑工程、道路工程、铁路工程、桥梁工程、港口与机场工程、隧道与地下工程、岩土工程、水利水电工程等方面进行了介绍。 |
| ● |
| 相关链接 |
|
|
|
正题名:土木工程概论
索取号:TU-43/Z800
 
预约/预借
| 序号 | 登录号 | 条形码 | 馆藏地/架位号 | 状态 | 备注 |
| 1 | 1169656 | 211696565 | 建筑库101/110考试书库 401排0列0层/ [索取号:TU-43/Z800] | 在馆 | |
| 2 | 1169657 | 211696574 | 建筑库101/110考试书库 401排0列0层/ [索取号:TU-43/Z800] | 在馆 | |
| 3 | 1169658 | 211696583 | 建筑库101/110考试书库 401排0列0层/ [索取号:TU-43/Z800] | 在馆 |